| 000 | 00707nam a2200193Ia 4500 | ||
|---|---|---|---|
| 003 | OSt | ||
| 005 | 20250130162616.0 | ||
| 008 | 210210b1993 xxu||||| |||| 00| 0 eng d | ||
| 040 | _cAL | ||
| 041 | _aKonkani/Kanadi | ||
| 082 | _a891.46301 KOSD | ||
| 100 |
_aKOSTA (Barnad J) _945295 _dಬರ್ನಾಡ್ ಜೆ. ಕೊಸ್ತಾ |
||
| 245 |
_aDirven. Part 1 (Bhurgyancha nith ani hith kathancho punjo) _bದಿರ್ವೆಂ : ಭಾಗ್ -೧ ಭುರ್ಗ್ಯಾಂಚಾ ನೀತ್ ಆನಿ ಹಿತ್ ಕಥಾಂಚೊ ಪುಂಜೊ |
||
| 260 |
_aKundapur _bPrajval Prakashan _c1993 |
||
| 300 | _a91 | ||
| 690 |
_aKonkani Fiction _945296 |
||
| 906 | _a049889 | ||
| 942 |
_2ddc _cBK |
||
| 999 |
_c98712 _d98712 |
||